Animali con la "M" - Statistics

Statistiche generali
  • Questo quiz è stato fatto 201 volte
  • Il punteggio medio è 10 su 15
Statistiche sulle risposte
suggerimento risposta % Corretto
è la femmina del toro, un bovide domestico. Da questo animale si ricava il latte e carne Mucca
95%
è un mammifero addomesticato da cui l'uomo ricava diversi tipi di salumi tra cui salame, prosciutto, mortadella. Il più conosciuto è di colore rosa ma ne esistono di colore marrone scuro o nero. Maiale
93%
è il maschio della pecora Montone
84%
è un diffusissimo insetto volante responsabile della diffusione di più di 100 agenti patogeni. Vive a stretto contatto con l'uomo Mosca
83%
è un incrocio tra un asino e una cavalla. E' un ibrido sterile. Non è presente in natura ma è utilizzato dall'uomo per il trasporto di carichi e per la carne mulo
83%
è un uccello dal colore molto scuro molto diffuso in Italia. E' infatti il secondo uccello più diffuso dopo il passero. Emette un suono paragonabile ad un fischio molto forte ed è in grado di ripetere qualunque melodia. Viene spesso tenuto in cattività per questa sua abilità Merlo
70%
è un pesce con testa piuttosto grande ed un vistoso barbiglio chiaro sotto il mento. Assume diversi nomi se utilizzato per il consumo alimentare; è detto baccalà se conservato sotto sale, stoccafisso se essicato Merluzzo
69%
è un piccolo insetto volante che ricorda delle piccole mosche. Ce ne sono moltissimi tipi differenti. Moscerino
68%
il termine indica diverse scimmie di medie dimensioni Macaco
64%
è un veloce serpente erboreo africano. E' il più grosso serpente velenoso dell'Africa Mamba
61%
il termine comprende diverse specie di pesci dall'aspetto serpentiforme Murena
61%
è un coleottero diffuso in tutta Europa. E' anche il nome di una macchina Maggiolino
60%
è un pesce cartilagineo di grandi dimensioni che vive in diversi oceani. Raramente si spinge però al largo. Ha un forma piatta e spigolosa Manta
58%
è un roditore che si è adattato a vivere in condizione estreme come l'alta montagna a temperature bassissime. Marmotta
54%
è un cetaceo simile a una balena di dimensioni più ridotte Megattera
38%
Nessun quiz corrispondente trovato
Distribuzione punteggi
Percentuale di utenti per punteggio
Percentile per numero di risposta
I tuoi punteggi nel tempo
Non hai fatto questo quiz